饒申布士社會福音集: (Record no. 24445)
[ view plain ]
| 000 -LEADER | |
|---|---|
| fixed length control field | 00717nam a2200217Ia 4500 |
| 008 - FIXED-LENGTH DATA ELEMENTS--GENERAL INFORMATION | |
| fixed length control field | 200830s9999||||xx |||||||||||||| ||und|| |
| 041 ## - LANGUAGE CODE | |
| Language code of text/sound track or separate title | chi |
| Language code of original | eng |
| 050 ## - LIBRARY OF CONGRESS CALL NUMBER | |
| Classification number | BR45 |
| Item number | .C4721989 |
| 100 ## - MAIN ENTRY--PERSONAL NAME | |
| Personal name | Rauschenbusch, Walter |
| 245 #0 - TITLE STATEMENT | |
| Title | 饒申布士社會福音集: |
| Remainder of title | = Social Gospel of Rauschenbusch / |
| Statement of responsibility, etc. | 饒申布士 (Walter Rauschenbusch) 著; 趙眞頌譯 |
| 250 ## - EDITION STATEMENT | |
| Edition statement | 2rd ed. |
| 260 ## - PUBLICATION, DISTRIBUTION, ETC. | |
| Place of publication, distribution, etc. | 香港: |
| Name of publisher, distributor, etc. | 基督教文藝, |
| Date of publication, distribution, etc. | 1989 |
| 300 ## - PHYSICAL DESCRIPTION | |
| Extent | 28, 524, 2 p. |
| Other physical details | ; |
| Dimensions | 22 cm. |
| 490 ## - SERIES STATEMENT | |
| Series statement | 基督教历代名著集成 |
| 500 ## - GENERAL NOTE | |
| General note | Translation of: Social Gospel of Rauschenbusch. |
| 650 ## - SUBJECT ADDED ENTRY--TOPICAL TERM | |
| Topical term or geographic name entry element | Christian sociology. |
| 650 ## - SUBJECT ADDED ENTRY--TOPICAL TERM | |
| Topical term or geographic name entry element | Theology, Doctrinal. |
| 700 ## - ADDED ENTRY--PERSONAL NAME | |
| Personal name | 趙眞頌 |
| 700 ## - ADDED ENTRY--PERSONAL NAME | |
| Personal name | 饒申布士 |
| Withdrawn status | Lost status | Damaged status | Not for loan | Home library | Current library | Shelving location | Date acquired | Total Checkouts | Full call number | Barcode | Date last seen | Price effective from | Koha item type |
|---|---|---|---|---|---|---|---|---|---|---|---|---|---|
| GETS Theological Seminary Library | GETS Theological Seminary Library | General Stacks | 08/30/2020 | BR45 .C4721989 | 00012288 | 08/30/2020 | 08/30/2020 | Chinese Book |